Financial Management (Record no. 19233)

MARC details
000 -LEADER
fixed length control field 00783cam a22002652 4500
001 - CONTROL NUMBER
control field 0000011861
003 - CONTROL NUMBER IDENTIFIER
control field OSt
005 - DATE AND TIME OF LATEST TRANSACTION
control field 20220224121445.0
008 - FIXED-LENGTH DATA ELEMENTS--GENERAL INFORMATION
fixed length control field 090114s xx 000 0 eng d
020 ## - INTERNATIONAL STANDARD BOOK NUMBER
International Standard Book Number 1473760219
040 ## - CATALOGING SOURCE
Original cataloging agency KABU
Transcribing agency KABU
050 #0 - LIBRARY OF CONGRESS CALL NUMBER
Classification number HG4529.5
Item number .B75 2019
100 1# - MAIN ENTRY--PERSONAL NAME
Personal name Brigham, Eugene F.
245 10 - TITLE STATEMENT
Title Financial Management
Remainder of title Theory and Practice /
Statement of responsibility, etc. Eugene F. Brigham
250 ## - EDITION STATEMENT
Edition statement 2nd ed.
260 ## - PUBLICATION, DISTRIBUTION, ETC. (IMPRINT)
Place of publication, distribution, etc. Australia
Name of publisher, distributor, etc. Cengage Learning
Date of publication, distribution, etc. 2019
300 ## - PHYSICAL DESCRIPTION
Extent xiv, 638p.
650 #0 - SUBJECT ADDED ENTRY--TOPICAL TERM
Topical term or geographic name as entry element Corporations
General subdivision Finance.
700 1# - ADDED ENTRY--PERSONAL NAME
Personal name Ehrhardt, Michael C.
700 1# - ADDED ENTRY--PERSONAL NAME
Personal name Fox, Roland
908 ## - PUT COMMAND PARAMETER (RLIN)
Put command parameter 090114
942 ## - ADDED ENTRY ELEMENTS (KOHA)
Source of classification or shelving scheme Library of Congress Classification
Koha item type General Collection
Holdings
Withdrawn status Lost status Source of classification or shelving scheme Not for loan Home library Current library Date acquired Total Checkouts Total Renewals Full call number Barcode Date last seen Date last checked out Price effective from Koha item type
    Library of Congress Classification   Kabarak, Main Campus Kabarak, Main Campus 24/02/2022 2 1 HG4529.5 .B75 2019 c.1 031596 28/10/2024 25/09/2024 24/02/2022 General Collection
Designed with assistance from East African Informatics Ltd